000 00644nam a22002297a 4500
999 _c384134
_d384134
001 97891
003 UA-OsUOA
005 20200211181518.0
007 ta
008 20130408b un ||||| |||| 00| 0 ukr d
040 _aUA-OsUOA
_brus
_cUA-OsUOA
_dUA-OsUOA
041 _arus
080 _a821.161.1
090 _a821.161.1
_bП21
100 _aПаустовский К.
245 _aЗолотая роза
_bповести
260 _aКишенев
_bЛитература артистикэ
_c1987
300 _a608 с.
650 7 _a82 Література. Літературознавство
_2UDC
942 _cBK
_2udc
955 _a3